000
00298nam a2200109Ia 4500
005
20260328104340.0
008
260328s9999||||xx |||||||||||||| ||und||
100
_a
Ángel, Alejandro
245
0
_a
75 Años Después :
_b
El Nuevo San Andrés /
_c
Alejandro Ángel
650
_a
CASAS-BOTES
942
_c
BK
999
_c
12079
_d
12079